| 000 | 00567nam a22001937a 4500 | ||
|---|---|---|---|
| 005 | 20140725112642.0 | ||
| 010 | _aENG-110078 | ||
| 020 |
_a9788120349520 _c295.00 |
||
| 035 | _aEN-93611 | ||
| 037 | _bDBAD/PUB | ||
| 082 | _a512.5 | ||
| 100 | _aMarwaha, Alka | ||
| 245 |
_aAn indroduction to linear algebra / _cby Alka Marwaha |
||
| 260 |
_aDelhi _bPHI Learning _c2014 |
||
| 270 |
_aRimjhim House, 111,Patparganj Industrial Estate _bDelhi _e110092 |
||
| 300 |
_axi,296p. _c24cm(pbk) |
||
| 500 | _aIncludes index | ||
| 942 |
_2ddc _cEN _mMAR _h512.5 |
||
| 999 |
_c84514 _d84514 |
||